Report on family budget survey of working class households in Kerala (Record no. 499069)

000 -LEADER
fixed length control field 00476cam a22001097a 4500
008 - FIXED-LENGTH DATA ELEMENTS--GENERAL INFORMATION
fixed length control field 180718b1973 xxu||||| |||| 00| 0 eng d
082 ## - DEWEY DECIMAL CLASSIFICATION NUMBER
Classification number XA94068x5451 F/1970-71
100 ## - MAIN ENTRY--PERSONAL NAME
Personal name Committee of Direction for the Conduct of Family Budget S
245 ## - TITLE STATEMENT
Title Report on family budget survey of working class households in Kerala
Statement of responsibility, etc. by Committee of Direction for the Conduct of Family Budget Survey of Working Class Households
260 ## - PUBLICATION, DISTRIBUTION, ETC.
Place of publication, distribution, etc. Trivandrum
Name of publisher, distributor, etc. Government Press
Date of publication, distribution, etc. 1973
300 ## - PHYSICAL DESCRIPTION
Extent 355+p.
Holdings
Withdrawn status Lost status Damaged status Not for loan Permanent Location Current Location Date acquired Full call number Barcode Date last seen Price effective from Koha item type
        Indian Institute of Public Administration Indian Institute of Public Administration 2018-08-04 XA94068x5451 F/1970-71 GG16178 2018-08-04 2018-08-04 GG

Powered by Koha